[Event "89th ch-ARG 2014"]
[Site "Saenz Pena ARG"]
[Date "2014.07.19"]
[Round "13.7"]
[White "Mahia, Gustavo"]
[Black "Manzone, Alessandro"]
[Result "1/2-1/2"]
[WhiteTitle "IM"]
[WhiteElo "2366"]
[BlackElo "2317"]
[WhiteFideId "100439"]
[BlackFideId "112488"]
[EventDate "2014.07.09"]

1. e4 c5 2. Nf3 e6 3. d4 cxd4 4. Nxd4 a6 5. Nc3 Qc7 6. Bd3 Nf6 7. O-O Nc6 8. Be3
Nxd4 9. Bxd4 Bc5 10. Bxc5 Qxc5 11. Kh1 d6 12. f4 e5 13. Qf3 O-O 14. Rae1 exf4
15. Qxf4 Qe5 16. Nd5 Qxf4 17. Rxf4 Nd7 18. Ne7+ Kh8 19. Nf5 Ne5 20. Nxd6 Be6 21.
Nxb7 Rfb8 22. Nc5 Rxb2 23. a4 a5 24. h3 Kg8 25. Nxe6 fxe6 26. Bb5 Rxc2 27. Rd1
Rf8 28. Rxf8+ Kxf8 29. Rd8+ Ke7 30. Ra8 Nc4 31. e5 Nxe5 32. Rxa5 h5 33. Ra8 g5
34. a5 h4 35. Kg1 g4 36. Kf1 Ra2 37. a6 Kd6 38. hxg4 Nxg4 39. Rg8 Ne3+ 40. Kg1
Nd5 41. Kh2 Nc7 42. Rd8+ Kc5 43. Bd3 Nxa6 44. Ra8 Nb4 45. Rxa2 Nxa2 46. Kh3 Kd5
47. Bh7 Ke5 48. Kxh4 Kf6 49. Bg8 Nc3 50. g4 Ne4 1/2-1/2